01078 a2200205 45000010006000000050017000060080041000230030015000640400040000790800035001192450054001540200022002082640033002303000025002635050431002880410008007191000022007277000028007498560095007774049620260407155700.0260407a2016 arg spa dAR-UNSa-BCEJYS aAR-UNSa-BCEJYSbspacAR-UNSa-BCEJYS a347.72xSociedades comerciales10aSociedadespsegún las reformas de la Ley 26.994 a978-987-706-100-0 1aBuenos Aires :bAstreac2016 axxxi, 469 p.c23 cm. a1. Introducción - 2. Elementos y constitución de las sociedades - 3. El socio - 4. Órganos, administración y contabilidad - 5. Vicisitudes y extinción - 6. Sociedades constituidas en el extranjero - 7. Sociedades de personas - 8. Sociedad de responsabilidad limitada - 9. Sociedad anónima - 10. Otros tipos y formas societarias - 11. Grupos, reorganización societaria y contratos asociativos - 12. Sociedad civil aspa1 aGebhardt, Marcelo1 aRomero, Miguel Álvaro41uhttps://biblioeco.unsa.edu.ar/pmb/images/libros/L126058.jpgyImagen de portadaqimage/jpeg